000
00207nam a22000857a 4500
008
160624b xxu||||| |||| 00| 0 eng d
100
_9
1092
_a
Crouch, P
245
_a
Megiddo
260
_a
Florida
_b
Charisma House
_c
2001
999
_c
878
_d
878